| 000 | 00000nam##2200000za#4500 |
| 001 | 9.608932 |
| 003 | CaOODSP |
| 005 | 20200401022202 |
| 007 | ta |
| 008 | 150406|1990||||xxc||||| f|0| 0 eng|d |
| 020 | |a0-662-18076-3 |
| 040 | |aCaOODSP|beng |
| 043 | |an-cn--- |
| 086 | 1 |aEn49-24/1-11E |
| 110 | 1 |aCanada.|bEnvironment Canada. |bEnvironmental Protection. |
| 245 | 10|aBiological test method: acute lethality test using Daphnia spp / |cPrepared by Gary Sergy, Technology Development Branch. |
| 260 | |aOttawa - Ontario : |bEnvironment Canada. |c1990. |
| 300 | |a57p. : |bfigs., references, tables ; |c28 cm. |
| 490 | 1 |aEnvironmental Protection series. [Reference methods]|vEPS 1/RM/11 |
| 563 | |aSoftcover |
| 720 | 1 |aSergy, Gary |
| 776 | 0#|tBiological test method - acute lethality test using Daphnia spp. / |w(CaOODSP)9.577700 |
| 830 | #0|aEnvironmental Protection series. [Reference methods]|vEPS 1/RM/11|w(CaOODSP)9.514590 |